Roblox 99 Nights in the Forest Weapons Quiz (As of Dec 2025) - Statistics

General Stats
  • This quiz has been taken 34 times
  • The average score is 15 of 32
Answer Stats
Type Weapon % Correct
Ranged Revolver
85%
Ranged Rifle
85%
Technically Melee Weapon Good Axe
74%
Technically Melee Weapon Old Axe
74%
Ranged Ray Gun
74%
Melee Spear
74%
Ranged Tactical Shotgun
74%
Technically Melee Weapon Strong Axe
70%
Ranged Crossbow
67%
Ranged Kunai
67%
Melee Katana
63%
Ranged Laser Cannon
63%
Melee Morningstar
63%
Ranged Snowball
52%
Ranged Infernal Crossbow
48%
Melee Infernal Sword
48%
Melee Scythe
44%
Melee Ice Sword
41%
Melee Laser Sword
37%
Melee Poison Spear
37%
Ranged Blowpipe
33%
Ranged Frozen Shuriken
33%
Ranged Wildfire
33%
Melee Obsidiron Hammer
30%
Melee Trident
30%
Melee Vampire Scythe
30%
Admin Admin Gun
26%
Admin Friendly Gun
19%
Ranged Air Rifle
15%
Ranged Bouncing Blade
15%
Melee Cultist King Mace
15%
Ranged Witch Potion
15%
No matching quizzes found
Score Distribution
Percent of People with Each Score
Percentile by Number Answered
Your Score History
You have not taken this quiz